zpět

Detail výsledku týmu

Chicago Bar & Grill ČT, Liberec

Datum a čas kvízu

38 Celkem bodů Celkový počet nahraných bodů na tomto kvízu bez doplňovacích otázek.
2. Pořadí na kvízu Konečné umístění týmu na tomto kvízu.

Zaznamenané odpovědi

# Otázka Odpověď Body Výsledky
1. V úterý bylo ve Vladislavském... David Kratochvíl; plavání 1
2. Americký prezident Donald Trum... golfová hůl 1
3. Minulý čtvrtek byl uveden do k... Nepela 1
4. Která automobilka představila... Mazda 0
5. Vedení NBA schválilo prodej ji... Los Angeles Lakers 0
6. Ačkoliv je čas večeře, věnujem... fazole; rajčata 1
7. Od slané ke sladké snídani. V... javorový sirup 1
8. „Snídaně v trávě“ není název: D 0
9. V Krkonoších, v místě zvaném K... Mumlava 1
10. Mnozí z nás si snídani bez káv... třešně 0